Les 10 meilleurs buteurs de l'Algérie au 21eme siécle. - Statistiques

Statistiques générales
  • Ce quiz a été pris 202 fois
  • Le résultat moyen est 4 sur 10
Statistiques - réponses
Buts Joueurs Période en
sélection
% Correct
43 Islam Slimani 2012-
98%
30 Riyad Mahrez 2014-
82%
25 Baghdad Bounedjah 2014-
58%
14 Yacine Brahimi 2013-
53%
20 Sofiane Feghouli 2012-
52%
9 Youcef Belaili 2015-
38%
24 Hilal Soudani 2011-
32%
14 Rafik Saifi 1998-2010
26%
6 Nassim Akrour 2001-2004
2%
7 Abdelmalek Cherrad 2003-2007
1%
Aucun quiz correspondant
Distribution des résultats
% des personnes avec chaque résultat
Percentile par nombre de réponses
Votre historique - résultats
Vous n’avez pas pris ce quiz